• 首页
  • 本馆介绍
  • 公告通知
  • 最新文献
  • 馆藏检索
  • 电子资源
  • 读者导购
  • 参考咨询
  • 我的图书馆
  • 登录
  • 详细信息显示
  • 放入我的书架
  • 预约/预借图书
  • 作者相关作品
  • 分类相关作品
  • 丛书相关作品
  • 出版社相关作品

书目信息

  • 表格格式
  • 工作单格式
  • 卡片格式
题名:
固体电解质材料
    
 
作者: 王洪涛 著
分册:  
出版信息: 北京   中国书籍出版社  2017.1
页数: 276页
开本: 24cm
丛书名:
单 册:
中图分类: O646.1
科图分类:
主题词: 固体电解质--复合材料
电子资源:
ISBN: 978-7-5068-5746-8
000 00960nam0 2200229 450
001 0400009429
005 20171120213821.0
010    @a978-7-5068-5746-8@dCNY54.00
100    @a20170427d2017 em y0chiy50 ea
101 0  @achi
102    @aCN@b110000
105    @aa z 000yy
106    @ar
200 1  @a固体电解质材料@Agu ti dian jie zhi cai liao@f王洪涛著
210    @a北京@c中国书籍出版社@d2017.1
215    @a276页@c图@d24cm
330    @a本书共分为六个部分:第一部分为钙钛矿结构铈酸钡电解质材料,主要包括其结构分析、制备方法、性能研究以及应用;第二部分为钙钛矿结构铈酸锶电解质材料;第三部分为掺杂镓酸镧电解质材料,从晶格结构、力学性能、缺陷化学、合成方法等方面进行论述;第四、五部分为传统氧离子导体ZrO2基电解质材料、掺杂氧化铈电解质材料;第六部分为新型氧离子导体钼酸镧。
606 0  @a固体电解质@x复合材料
690    @aO646.1@v5
701  0 @a王洪涛@Awang hong tao@f(1979-)@4著
801  0 @aCN@b上海新华@c20171120
905    @b1028832-6@dO646.1@e40@f5
    
    固体电解质材料/王洪涛著.-北京:中国书籍出版社,2017.1
    276页:图;24cm
    
    
    ISBN 978-7-5068-5746-8:CNY54.00
    本书共分为六个部分:第一部分为钙钛矿结构铈酸钡电解质材料,主要包括其结构分析、制备方法、性能研究以及应用;第二部分为钙钛矿结构铈酸锶电解质材料;第三部分为掺杂镓酸镧电解质材料,从晶格结构、力学性能、缺陷化学、合成方法等方面进行论述;第四、五部分为传统氧离子导体ZrO2基电解质材料、掺杂氧化铈电解质材料;第六部分为新型氧离子导体钼酸镧。
●
相关链接 在E读中查询图书 在五车中查询图书 在当当中查询图书 在豆瓣中查询图书


正题名:固体电解质材料     索取号:O646.1/40         预约/预借

序号 登录号 条形码 馆藏地/架位号 状态 备注
1 1028832   210288320   第二样本阅览室/ [索取号:O646.1/40] 在馆    
2 1028833   210288339   密集书库-化学系/ [索取号:O646.1/40] 在馆    
3 1028834   210288348   第三借阅区/ [索取号:O646.1/40] 在馆    
4 1028835   210288357   第三借阅区/ [索取号:O646.1/40] 在馆    
5 1028836   210288366   第三借阅区/ [索取号:O646.1/40] 在馆    
欢迎您!
大连网信软件有限公司© 版权所有